[Event "RUS-ch Youth U21 Boys 2017"]
[Site "Loo"]
[Date "2017.04.20"]
[Round "1"]
[White "Paravyan, David"]
[Black "Zakhartsov, Vladimir"]
[Result "1-0"]
[WhiteElo "2534"]
[BlackElo "2470"]
[Annotator "TA"]
[PlyCount "67"]
[EventDate "2017.??.??"]
[EventType "tourn"]
[EventCountry "RUS"]
[SourceTitle "playchess.com"]
[Source "ChessBase"]
[SourceQuality "1"]

{[%evp 14,67,19,23,24,36,45,47,73,0,28,4,57,29,57,49,85,79,104,90,121,109,224,228,218,197,220,223,216,33,44,29,52,50,64,69,49,29,36,-32,-33,-49,-73,-108,-138,-117,835,579,29992,29993,29993,29990,29995,29996,29996,29997]} 1. d4 Nf6 2. c4 e6 3. Nc3 Bb4 4. Qc2 O-O 5. e4 {[%cal Be2e4,Be4e5][%mdl 32]} c5 6. a3 Bxc3+ {E32: Nimzo-Indian: Classical (4 Qc2): 4...0-0} 7. bxc3 d6 8. e5 {LiveBook: 10 Games} Nfd7 {White has an edge.} 9. exd6 e5 10. Nf3 (10. Bd3 h6 11. Ne2 Nc6 12. O-O cxd4 13. cxd4 exd4 14. Bb2 {½-½ (23) Lupulescu,C (2617)-Efimenko,Z (2683) Germany 2010}) 10... e4 $146 (10... exd4 11. Be2 {½-½ (11) Herraiz Hidalgo,H (2478)-Ubilava,E (2525) Platja de Muro 2005}) 11. Ng5 ({White should play} 11. Nd2 $16) 11... Re8 12. Be3 Qa5 (12... Nf6 $11) 13. Qd2 $14 h6 ({But not} 13... f6 $6 14. Nh3 $16) 14. Nh3 {[%cal Bg5h3,Bh3f4,Bf4h5][%mdl 32] And now Nf4 would win.} Qb6 15. dxc5 Nxc5 16. Nf4 Nba6 17. Be2 Rd8 (17... Bd7 $16) 18. Rd1 $18 Bd7 19. Nh5 {Strongly threatening Qd4.} Ba4 20. Qd4 {[%csl Gh5][%cal Rd4g7]} Ne6 {[#]} 21. Qxe4 $2 ({Stronger than} 21. Qxb6 axb6 22. Rd5 Nac5 $11) (21. Qe5 $1 $18 Qb2 22. Rd2 Qc1+ 23. Bd1 Bxd1 24. Rxd1 Qxa3 25. O-O) 21... Nac5 $1 $14 {[%cal Rc5e4]} 22. Bxc5 $1 Qxc5 23. Rd5 Qxa3 24. O-O $40 {[%mdl 128] Threatens to win with Bd3. Black needs to defend precisely.} Qxc3 {White should prevent ...Bc6.} 25. Bd3 {Intending Qh7+ and mate.} g6 {Hoping for ...Bc6.} 26. Re5 ({White should try} 26. Nf4 $14 Qf6 27. Nxe6 fxe6 28. Rd4) 26... Ng5 $15 27. Nf6+ Kg7 28. Qe3 {aiming for Nd5.} Kxf6 29. f4 {[#]} Ne6 $2 {[%mdl 8192]} (29... Nh3+ $1 $17 {[%mdl 512]} 30. Qxh3 Rxd6) 30. f5 $18 {fxg6+ would kill now.} Ng5 31. fxg6+ {White mates.} Kg7 32. gxf7 Nh7 {[#]} 33. f8=Q+ $1 {[%mdl 512]} Nxf8 (33... Rxf8 34. Re7+) 34. Re7+ 1-0

[Event "RUS-ch Youth U21 Boys 2017"]
[Site "Loo"]
[Date "2017.04.20"]
[Round "1"]
[White "Esipenko, Andrey"]
[Black "Sorokin, Aleksey"]
[Result "1/2-1/2"]
[WhiteElo "2492"]
[BlackElo "2445"]
[Annotator "TA"]
[PlyCount "125"]
[EventDate "2017.??.??"]
[EventType "tourn"]
[EventCountry "RUS"]
[SourceTitle "playchess.com"]
[Source "ChessBase"]
[SourceQuality "1"]

{[%evp 22,125,14,0,18,18,16,26,14,27,31,30,23,24,28,20,22,26,23,32,18,24,50,52,58,56,52,28,23,26,33,38,56,24,15,28,45,20,19,12,13,12,11,18,9,12,31,28,37,29,33,35,37,31,52,0,35,34,36,35,38,34,81,35,36,37,39,37,39,34,35,37,42,27,44,47,41,41,82,45,50,38,41,59,66,34,36,0,59,37,70,61,79,36,37,0,0,0,43,0,81,68,70,49,65,0]} 1. d4 Nf6 2. c4 g6 3. Nc3 d5 4. cxd5 Nxd5 5. e4 Nxc3 6. bxc3 Bg7 7. Qa4+ Qd7 {D85: Exchange Grünfeld: Unusual White 7th moves and lines with 7 Nf3} 8. Bb5 c6 9. Be2 O-O 10. Qa3 b6 11. Nf3 c5 12. O-O {LiveBook: 12 Games} Bb7 {[%cal Rc5d4]} 13. d5 e6 14. Be3 exd5 15. Rad1 Nc6 $146 16. exd5 ({But not} 16. Rxd5 Qe8 17. Nd2 Ne5 $17) 16... Ne7 17. c4 Nf5 18. Bf4 Rfe8 19. Bd3 b5 20. Qxc5 {Black must now prevent Bxf5.} bxc4 21. Bxc4 {aiming for Bb5.} Rec8 22. Qb4 a5 23. Qb3 $1 a4 24. Qd3 Nd6 25. Bxd6 $1 Qxd6 26. Nd2 Rc7 {[%cal Bc8c7,Bc7e7,Be7e5][%mdl 32]} 27. Ne4 Qb4 28. Bb5 Re7 29. Ng3 Rd8 30. d6 Re5 31. Rb1 Qxd6 32. Qxd6 Rxd6 33. Bxa4 Ra5 34. Bb3 Bc6 35. Rbd1 Rxd1 36. Rxd1 Kf8 37. Nf1 Bh6 38. Ng3 (38. g3 $14) 38... Bf4 39. Ne2 Be5 40. Rc1 Bd5 41. Kf1 Rb5 ({Don't take} 41... Bxh2 $2 42. Bxd5 Rxd5 43. g3 $18) 42. Bxd5 Rxd5 $16 {[%mdl 4096] Endgame KRB-KRN} 43. g3 Rd2 44. a4 Ra2 45. Rc4 Ke7 46. Nd4 Kd6 {[#] Strongly threatening ...Kd5.} 47. Nf3 Bf6 48. Rf4 Ke7 49. h4 h5 50. Rb4 Kf8 51. Nd4 Be7 52. Rc4 Kg7 53. Nc6 Bd6 54. Nd4 Be5 (54... Be7 $11) 55. Kg2 Kf6 56. Kf3 Bb8 57. Nb5 Be5 58. Ke4 {[#] And now Rc6+ would win.} Re2+ 59. Kf3 Ra2 60. Nd4 Bb8 $1 61. Nc6 Bd6 62. Na7 Bb8 63. Nb5 (63. Rc6+ $14 Ke5 64. Nb5) 1/2-1/2

[Event "RUS-ch Youth U21 Boys 2017"]
[Site "Loo"]
[Date "2017.04.20"]
[Round "1"]
[White "Lomasov, Semen"]
[Black "Kozionov, Kirill"]
[Result "1/2-1/2"]
[WhiteElo "2489"]
[BlackElo "2440"]
[Annotator "TA"]
[PlyCount "116"]
[EventDate "2017.??.??"]
[EventType "tourn"]
[EventCountry "RUS"]
[SourceTitle "playchess.com"]
[Source "ChessBase"]
[SourceQuality "1"]

{[%evp 21,116,5,25,26,25,3,7,7,24,27,31,26,17,23,33,12,33,0,0,-12,18,18,22,21,15,21,23,10,0,0,0,0,0,0,0,-4,-6,-33,-18,-18,-23,-27,-35,-25,-23,-26,-25,-19,0,0,4,10,19,-16,0,0,15,0,0,0,6,0,0,0,0,0,0,0,0,0,-8,-114,-12,-12,-12,-12,-12,-12,-12,-12,0,-24,-8,-8,-8,-12,-8,-8,0,0,0,0,0,0,0,0,0]} 1. e4 e5 2. Nf3 Nc6 3. Nc3 Nf6 4. Bb5 Bb4 5. O-O O-O 6. d3 {[%cal Bd2d3,Bd3d4][%mdl 32]} d6 7. Ne2 Ne7 8. c3 Ba5 9. Ng3 c6 10. Ba4 Ng6 11. d4 Re8 12. Bc2 {C49: Four Knights: 4 Bb5 Bb4} Bb6 (12... h6 13. h3 Be6 14. Be3 Qc7 15. a4 Bb6 16. Qc1 a5 17. Re1 Rad8 18. b3 Bc8 19. c4 exd4 20. Nxd4 {1-0 (53) Naiditsch,A (2686)-Morozevich,A (2683) Novi Sad 2016}) 13. h3 d5 14. Nxe5 Nxe4 15. Nxe4 dxe4 16. Nxg6 $146 (16. Bxe4 Nxe5 17. dxe5 Qxd1 18. Rxd1 Rxe5 19. Bf3 Bf5 20. Bf4 Ree8 {½-½ (20) Popovic,P (2496)-Pruijssers,R (2415) Germany 2010}) 16... hxg6 17. Bf4 g5 18. Bg3 Bf5 19. b4 Bg6 20. Re1 Bc7 21. Qg4 Bxg3 22. Qxg3 Qf6 23. Qe3 Qf4 24. g3 Qxe3 25. fxe3 Kf8 26. Rf1 Ke7 27. Kg2 Rh8 28. g4 Rh4 29. Rf2 Rah8 30. Rh1 f5 31. Bd1 $1 {[#]} f4 $1 {[%mdl 512]} 32. exf4 e3 33. Rf3 $1 {[%cal Rf3e3]} Be4 34. fxg5 Kd6 35. Kg3 Bxf3 36. Bxf3 $11 {[%mdl 4096] Endgame KRR-KRB} g6 37. Kf4 Re8 38. Kg3 Reh8 39. Kf4 Re8 40. Kg3 Rh7 41. h4 e2 42. Re1 Re3 43. Rxe2 Rxc3 44. Re4 Rd3 45. Rf4 Ke7 46. a4 (46. Rf6 $11) 46... a6 ({Black should try} 46... Rf7 $17 {aiming for ...Rxf4.} 47. Rxf7+ Kxf7) 47. h5 ({But not} 47. Rf6 Rf7 48. Rxf7+ Kxf7 $19) 47... gxh5 48. gxh5 Rxh5 49. Kg4 Rh8 {Threatens to win with ...Rd8.} 50. Re4+ $1 Kf8 51. Be2 Rdh3 {Strongly threatening ...R3h4+.} 52. Kf5 {The position is equal.} R3h7 53. g6 Rd7 {With the idea ...Kg7.} 54. Kf6 Rd6+ 55. Kg5 Rd5+ 56. Kf6 Rd6+ 57. Kg5 $1 {[#] Hoping for Rf4+.} Rd5+ 58. Kf6 {Threatening mate with g7+.} Rd6+ 1/2-1/2

[Event "RUS-ch Youth U21 Boys 2017"]
[Site "Loo"]
[Date "2017.04.20"]
[Round "1"]
[White "Khegay, Dmitriy"]
[Black "Sarana, Alexey"]
[Result "1/2-1/2"]
[WhiteElo "2477"]
[BlackElo "2464"]
[Annotator "TA"]
[PlyCount "57"]
[EventDate "2017.??.??"]
[EventType "tourn"]
[EventCountry "RUS"]
[SourceTitle "playchess.com"]
[Source "ChessBase"]
[SourceQuality "1"]

{[%evp 25,57,0,20,0,0,-17,0,-41,-8,-18,0,0,0,0,0,-11,0,0,0,0,0,0,0,0,0,0,0,0,0,0,0,0,0,0]} 1. d4 Nf6 2. c4 e6 3. Nc3 Bb4 4. e3 O-O 5. Bd3 d5 6. Nf3 c5 7. O-O cxd4 8. exd4 dxc4 9. Bxc4 b6 10. Bg5 Bb7 11. Re1 Nc6 12. a3 Be7 13. Qd3 h6 {LiveBook: 20 Games. E57: Nimzo-Indian: Rubinstein: Main Line: 7...Nc6 8 a3 dxc4 9 Bxc4 cxd4} 14. Bxf6 Bxf6 15. Rad1 Ne7 16. Ba6 $146 (16. Ne4 Nf5 17. Ba2 Re8 18. Bb1 g6 19. g4 Nh4 20. Nxh4 Bxh4 21. Qe3 {0-1 (44) Short,N (2655)-Vallejo Pons,F (2700) Madrid 2016}) 16... Bc6 17. Ne5 {The position is equal.} Bxe5 18. dxe5 ({Much weaker is} 18. Rxe5 Ng6 19. Re3 {[#]} Bxg2 $1 $17 {[%mdl 512]}) 18... Qxd3 19. Bxd3 Rfd8 20. Bb1 Rac8 (20... g5 $5 {feels hotter.} 21. f3 Kg7 22. Kf2 Ng6 23. Bxg6 Kxg6 24. g4 f5) 21. f3 (21. f4 $5 {is more complex.} g5 22. g3 Rxd1 23. Rxd1 Nd5 24. Nxd5 Bxd5 25. Kf2) 21... Rxd1 22. Rxd1 Nd5 23. Nxd5 Bxd5 $11 {[%mdl 4096] Endgame KRB-KRB} 24. Kf2 Kf8 25. Ke3 Ke7 26. Kd2 Rd8 27. Ke3 Rc8 28. Kd2 Rd8 29. Ke3 1/2-1/2

[Event "RUS-ch Youth U21 Boys 2017"]
[Site "Loo"]
[Date "2017.04.20"]
[Round "1"]
[White "Faizrakhmanov, Ramil"]
[Black "Yuffa, Daniil"]
[Result "1/2-1/2"]
[WhiteElo "2436"]
[BlackElo "2521"]
[Annotator "TA"]
[PlyCount "173"]
[EventDate "2017.??.??"]
[EventType "tourn"]
[EventCountry "RUS"]
[SourceTitle "playchess.com"]
[Source "ChessBase"]
[SourceQuality "1"]

{[%evp 30,173,0,17,49,38,64,0,29,34,27,23,35,22,0,0,0,0,23,0,0,0,36,8,13,25,14,14,22,0,0,-26,-2,-2,-12,-245,-252,-252,-252,-236,-215,-29987,-1106,-1732,0,0,0,0,0,0,0,0,0,0,0,0,0,0,0,0,0,0,0,0,0,0,0,0,0,0,0,0,0,0,0,0,0,0,0,0,0,0,0,0,0,0,0,0,0,0,0,0,0,0,0,0,0,0,0,0,0,0,0,0,0,0,0,0,0,0,0,0,0,0,0,0,0,0,0,0,0,0,0,0,0,0,0,0,0,0,0,0,0,0,0,0,0,0,0,0,0,0,0,0,0,0]} 1. d4 d5 2. c4 c6 3. Nc3 Nf6 4. e3 e6 5. Nf3 Nbd7 6. Qc2 Bd6 7. Bd3 O-O 8. O-O dxc4 9. Bxc4 b5 10. Bd3 Bb7 11. a3 h6 {D46: Semi-Slav: 5 e3 Nbd7 6 Bd3, Black avoids the Meran} 12. e4 e5 13. dxe5 Nxe5 14. Nxe5 Bxe5 15. h3 Re8 16. Be3 {LiveBook: 4 Games} a6 17. f4 Bd4 18. Rae1 $146 (18. Bxd4 Qxd4+ {1-0 (49) Moiseenko,A (2670)-Przybylski,W (2344) Warsaw 2010}) 18... c5 19. e5 c4 20. Bf5 Bxe3+ 21. Rxe3 Nd5 22. Nxd5 Qxd5 23. Qf2 Qd4 24. Bb1 a5 25. Rfe1 b4 26. Qc2 g6 ({Not} 26... Qxf4 $2 27. Qh7+ Kf8 28. e6 Rxe6 29. Rxe6 fxe6 30. Rf1 Qxf1+ 31. Kxf1 $18) 27. Qf2 Rad8 28. f5 g5 29. f6 Qd2 30. Qf1 c3 $36 {[%mdl 2048] Black has good play.} (30... Qxb2 $5 {with more complications.} 31. axb4 Rd2 32. Be4 Rxe5 33. Bxb7 Qd4) 31. bxc3 bxc3 {[%cal Bb4c3,Bc3c2][%mdl 32] Hoping for ...c2.} 32. e6 $2 {[#]} (32. Bf5 $11 {and White has nothing to worry.}) 32... Rxe6 $1 $19 33. Rxe6 fxe6 34. Rxe6 c2 35. Ba2 $2 (35. f7+ $19 Kf8 36. Re8+ Rxe8 37. fxe8=N+ Kxe8 38. Qb5+ Kd8 39. Qb6+ Kc8 40. Qc5+ Kb8 41. Qxc2 Qe3+ 42. Kh2) 35... Bd5 ({Less strong is} 35... Qxg2+ 36. Qxg2 Bxg2 37. Kxg2 $15) (35... Kf8 $142 36. Re2 Qd4+ 37. Kh2 Qd6+ 38. Kg1 Qc5+ 39. Kh1 c1=Q 40. Re1 Q1xa3 41. Bb3 Qxb3 42. Kh2 Qc7+ 43. Kg1 Qbg3 44. Re3 Qxe3+ 45. Kh1 Qxh3+ 46. Kg1 Qc5+ 47. Qf2 Qxg2#) 36. Bxd5 {[#]} Qxd5 $2 {[%mdl 4096] Endgame KQR-KQR} (36... Kf8 $1 $19 37. Re1 Rxd5) 37. f7+ $11 {The position is equal.} Kf8 38. Re8+ $1 Rxe8 39. fxe8=Q+ Kxe8 {KQ-KQ} 40. Qe2+ Kd7 41. Qxc2 Qd4+ 42. Kh2 Qd6+ 43. Kh1 Qxa3 44. Qh7+ Kc8 45. Qh8+ Kc7 {aiming for ...Qc1+.} 46. Qh7+ Kb6 {White must now prevent ...Qc1+.} 47. Qxh6+ Kb5 48. Qxg5+ Qc5 49. Qd8 Qc1+ 50. Kh2 Qf4+ 51. Kh1 a4 52. Qd5+ Kb4 53. Qb7+ Kc3 54. Qc6+ Qc4 55. Qf6+ Qd4 56. Qa6 Kb2 (56... Qd1+ $5 57. Kh2 $8 Qd4 $11) 57. Qb5+ Kc2 {...a3 is the strong threat.} 58. Qc6+ Kd2 59. Qh6+ Kd1 60. Qh5+ Ke1 61. Qa5+ Kf2 62. Qf5+ Ke3 63. Qg5+ Kd3 64. Qf5+ Kc3 {Threatens to win with ...a3.} 65. Qa5+ Kc2 66. g4 Qd1+ 67. Kg2 Qe2+ 68. Kg3 Qd3+ 69. Kh4 a3 70. Qc5+ Kb3 71. Qb6+ Kc2 72. Qc5+ Kd1 {Strongly threatening ...a2.} 73. Qg1+ Kd2 74. Qf2+ Kd1 75. Qg1+ Kc2 {And now ...a2 would win.} 76. Qc5+ Qc3 77. Qf2+ Qd2 78. Qc5+ Kb2 79. Qb5+ Ka1 80. g5 a2 81. g6 Qh6+ 82. Qh5 Qf4+ 83. Qg4 Qf6+ 84. Kh5 Kb2 85. Qb4+ Kc2 {( -> ...Qf5+)} 86. Qa4+ Kb2 87. Qb4+ 1/2-1/2

[Event "RUS-ch Youth U21 Boys 2017"]
[Site "Loo"]
[Date "2017.04.21"]
[Round "2"]
[White "Khegay, Dmitriy"]
[Black "Esipenko, Andrey"]
[Result "0-1"]
[WhiteElo "2477"]
[BlackElo "2492"]
[Annotator "TA"]
[PlyCount "228"]
[EventDate "2017.??.??"]
[EventType "tourn"]
[EventCountry "RUS"]
[SourceTitle "playchess.com"]
[Source "ChessBase"]
[SourceQuality "1"]

{[%evp 15,228,-19,0,-14,-14,-28,0,0,0,-41,-42,-44,-37,-36,-30,-53,-49,-58,1,-19,10,0,1,0,-13,-22,-23,-20,0,0,-6,-22,-21,-40,-37,-45,-37,-57,-25,-58,-63,-87,-89,-76,-48,-49,-11,-38,-39,-80,-51,-64,-59,-65,-35,-48,-41,-62,-50,-50,-15,-19,-5,-2,0,-4,0,-19,-18,-26,0,0,0,0,0,-17,0,0,0,-25,0,0,0,0,0,0,0,0,7,7,6,0,29,0,0,-107,-96,-162,-162,-162,-162,-162,-162,-162,-162,-213,-164,-168,-133,-167,-160,-158,-142,-142,-145,-165,-39,-49,-40,-36,-40,-46,-44,-44,-41,-45,-25,-150,-97,-97,-97,-97,-97,-98,-98,-98,-124,-475,-476,-489,-507,-504,-482,-459,-468,-508,-489,-466,-461,-429,-420,-792,-792,-785,-785,-773,-763,-763,-412,-412,-412,-413,-412,-412,-412,-412,-412,-412,-412,-412,-398,-395,-379,-379,-368,-361,-347,-347,-325,-325,-316,-308,-308,-304,0,-629,-280,-218,-218,-218,-185,-680,-656,-503,-185,-792,-474,-792,-785,-792,-785,-778,-645,-778,-778,-774,-770,-29978,-29979,-29980,-29981,-29983,-29984,-29985,-29986]} 1. d4 Nf6 2. Nf3 d5 3. Bf4 c5 4. e3 Nc6 5. c3 Qb6 6. Qc2 g6 {D02: 1 d4 d5 2 Nf3 sidelines, including 2...Nf6 3 g3 and 2...Nf6 3 Bf4} (6... Bg4 7. Nbd2 e6 8. h3 Bf5 9. Qb3 c4 10. Qxb6 axb6 11. a3 h6 12. Be2 b5 13. Rc1 Nd7 14. O-O {0-1 (89) Deviatkin,A (2508)-Geller,J (2488) Moscow 2016}) 7. Nbd2 Bg7 8. Be2 O-O {LiveBook: 5 Games. The position is equal.} 9. O-O Nh5 {[%cal Rc5d4]} 10. Bg5 h6 11. Bh4 Bf5 12. Qb3 g5 $1 13. Bg3 $146 (13. Qxb6 axb6 14. Bg3 Nxg3 15. hxg3 {0-1 (36) Rowe,P (2012)-Sveshnikov,V (2374) Grand Havre Bay 2010}) 13... Nxg3 14. hxg3 e6 15. dxc5 Qxc5 16. Nd4 Nxd4 ({Better is} 16... Bg6 $15) 17. exd4 Qe7 18. Rfe1 g4 19. Qd1 h5 20. Nf1 Qg5 21. Bd3 Bf6 22. Bxf5 Qxf5 23. a4 Kg7 24. a5 Rac8 25. Rc1 a6 26. Rc2 Rh8 27. Rc1 Qg6 28. Ra1 Be7 29. Ne3 Bg5 30. Qe2 Rhd8 {[%cal Bh8d8,Bd8d7,Bd7c7][%mdl 32]} 31. Nc2 Be7 32. Rad1 Rd7 33. Qd3 Qxd3 34. Rxd3 Bd6 35. Ra1 Kg6 36. Ne3 Rdc7 37. Kf1 Bf8 38. Ke2 Bh6 39. Nc2 Rd7 40. Rdd1 Bf8 41. Kd3 Bd6 42. Ne3 Rdc7 43. Rh1 Kg5 44. Rh4 f5 $1 45. Rhh1 f4 46. gxf4+ Bxf4 47. Rae1 Rf7 48. Nd1 Re8 49. g3 Bc7 50. b4 Kg6 51. Re3 Rf6 52. Rhe1 Kf7 53. Rh1 Rf5 54. Rhe1 Bd6 55. R1e2 {[#]} (55. R3e2 $11) 55... h4 $1 $17 {[%mdl 512]} 56. gxh4 (56. Re1 $17 {keeps fighting.}) 56... Bf4 $19 57. Re1 Bxe3 58. Nxe3 {[%mdl 4096] Endgame KRR-KRN} Rf4 59. Rg1 Rg8 $1 (59... Rxf2 60. Nxg4 Rf3+ 61. Kc2 $15) 60. Rg3 (60. Rg2 $142) 60... Rg7 61. Ke2 Ke7 ({Weaker is} 61... Rh7 62. Nxg4 Ke8 63. Ke3 Re4+ 64. Kd2 $11) 62. Ke1 Rg6 63. Ke2 Kf6 64. Ng2 Re4+ 65. Kd2 Kf7 (65... Rh6 $19 66. Kd3 Ke7) 66. Ne1 $1 $15 e5 67. dxe5 Rxe5 68. Nd3 Rf5 69. h5 $1 {[%cal Rh5g6]} Rg8 ({Much weaker is} 69... Rxh5 $6 70. Nf4 Rhh6 71. Nxg6 Rxg6 72. Kd3 $16) 70. h6 Rg6 71. Re3 (71. Ke3 $11 {remains equal.}) 71... Rxh6 (71... Kf6 $142 $1 72. Rg3 Kg5 73. f4+ (73. h7 Rh6 74. f4+ Rxf4 75. Nxf4 Kxf4 $17) 73... Kxh6) 72. Ne5+ $17 Ke7 73. Nxg4+ Re6 74. Rxe6+ Kxe6 {KR-KN} 75. Ke3 Rf8 76. f4 $2 {[%mdl 8192]} (76. f3 $17) 76... Rc8 $19 77. Kd3 Rc4 78. f5+ {[#]} Kd6 $1 79. Ne3 Rf4 80. Nc2 Rxf5 81. Nd4 Rh5 82. Nb3 Rh3+ 83. Kd4 (83. Kc2 $142) 83... Kc6 84. Nc5 Rg3 85. Ne6 Rg4+ 86. Kd3 Rg1 87. Nd8+ Kc7 88. Ne6+ Kd6 89. Nc5 Kc6 90. Ne6 Re1 91. Nd4+ Kd6 92. Nb3 Re7 93. Kd4 Re4+ 94. Kd3 Rc4 95. Nd4 Rc7 96. Nb3 Rg7 97. Nc5 Rg3+ 98. Kd4 {[#]} Rg4+ $1 99. Kd3 Kc6 $2 (99... Rg7 100. Kc2 Kc6) 100. Ne6 $1 Rc4 (100... Kb5 $142 101. Nc5 Kc6 102. Ne6) 101. Nd8+ Kc7 102. Ne6+ Kd7 103. Nc5+ $2 (103. Nd4) 103... Kc6 104. Ne6 Kb5 {And now ...Ka4 would win.} 105. Nd8 $2 {[#]} (105. Nd4+ Ka4 106. Ne6) 105... d4 $1 106. cxd4 Kxb4 107. Nxb7 Rc7 108. Nc5 Kxa5 109. Ne6 Rc1 110. d5 Kb4 111. Kd4 Rd1+ {Black mates.} 112. Ke5 Kc4 113. Nc7 a5 {[%cal Ba6a5,Ba5a4][%mdl 32]} 114. d6 a4 0-1

[Event "RUS-ch Youth U21 Boys 2017"]
[Site "Loo"]
[Date "2017.04.21"]
[Round "2"]
[White "Zakhartsov, Vladimir"]
[Black "Lomasov, Semen"]
[Result "0-1"]
[WhiteElo "2470"]
[BlackElo "2489"]
[Annotator "TA"]
[PlyCount "94"]
[EventDate "2017.??.??"]
[EventType "tourn"]
[EventCountry "RUS"]
[SourceTitle "playchess.com"]
[Source "ChessBase"]
[SourceQuality "1"]

{[%evp 13,94,0,0,-12,-10,-20,-19,-47,-50,-58,-62,-59,-65,-62,-37,-72,-78,-97,-93,-120,-108,-130,-108,-101,-108,-98,-101,-106,-109,-113,-108,-107,-108,-133,-140,-133,-132,-177,-140,-560,-282,-279,-245,-232,-229,-468,-243,-460,-466,-458,-469,-518,-523,-559,-555,-532,-522,-503,-497,-642,-637,-628,-601,-747,-744,-735,-633,-716,-715,-810,-785,-782,-774,-770,-761,-745,-738,-841,-833,-822,-807,-1055,-1055]} 1. Nf3 Nf6 2. c4 e6 3. Nc3 Bb4 4. Qc2 O-O 5. a3 Bxc3 6. Qxc3 d6 7. d3 {A17: English Opening: 1...Nf6 with ...Bb4} (7. b4 a5 8. Bb2 e5 9. e3 b6 10. Be2 axb4 11. axb4 Rxa1+ 12. Bxa1 c5 13. b5 Re8 14. d3 Nbd7 {½-½ (29) Cheparinov,I (2687)-Almasi,Z (2688) Varadero 2016}) 7... e5 {LiveBook: 7 Games} 8. e4 a5 9. b3 $146 {The position is equal.} (9. Be2 Bg4 10. Be3 c5 11. O-O Nc6 12. Qd2 h6 13. h3 Bxf3 14. Bxf3 Nd4 {½-½ (37) Smetana,J (1069)-Posada,C (1631) LSS email 2014}) 9... c5 10. h3 Nc6 11. Be2 Ne8 {[%cal Bf6e8,Be8c7,Bc7e6,Be6d4][%mdl 32]} 12. O-O f5 13. exf5 Bxf5 14. Be3 Nc7 15. Ne1 Ne6 16. Bf3 Ncd4 17. Bxd4 Nxd4 ({But not} 17... exd4 $6 18. Qd2 $15) 18. Bd5+ Be6 19. Bxe6+ Nxe6 20. Qd2 Nf4 21. Qe3 Qg5 22. Kh2 Rf6 23. Qe4 Raf8 24. Ra2 Rh6 25. Rg1 Rff6 {[#] ( -> ...Nxh3!)} 26. Qf3 $2 {[%mdl 8192]} (26. Qxb7 $17 Qf5 27. Qa8+ Rf8 28. Qf3) 26... Qf5 {And now ...Qe6 would win.} ({Weaker is} 26... Rfg6 27. Rh1 $17) 27. Rh1 Qe6 28. Qe3 Rfg6 $40 {[%mdl 128] White must now prevent ...Rxg2+! White is in trouble.} 29. Rd2 $2 {[#]} (29. Kg1 {only move.}) 29... Rxg2+ $1 $19 {[%mdl 512]} 30. Nxg2 Rxh3+ {Black is clearly winning.} 31. Kg1 {Threatens to win with Rxh3.} Rxe3 32. fxe3 Nh3+ 33. Kf1 Qg4 34. Ne1 Qf5+ 35. Kg2 Ng5 36. Rh4 e4 37. Rf2 Qg6 {aiming for ...Nf3+.} 38. Rg4 Qh5 39. Rgf4 Qh3+ 40. Kg1 {[%csl Gf2][%cal Rf4f8]} h6 41. Rf8+ Kh7 42. Re2 Qg3+ 43. Kf1 Nh3 {[%csl Gh3][%cal Rg3g1]} 44. Rg2 Qxe3 45. dxe4 Qxb3 46. Rc2 Ng5 47. Ke2 Ne6 0-1

[Event "RUS-ch Youth U21 Boys 2017"]
[Site "Loo"]
[Date "2017.04.21"]
[Round "2"]
[White "Sarana, Alexey"]
[Black "Yuffa, Daniil"]
[Result "0-1"]
[WhiteElo "2464"]
[BlackElo "2521"]
[Annotator "TA"]
[PlyCount "104"]
[EventDate "2017.??.??"]
[EventType "tourn"]
[EventCountry "RUS"]
[SourceTitle "playchess.com"]
[Source "ChessBase"]
[SourceQuality "1"]

{[%evp 22,104,52,32,43,6,2,0,14,0,38,0,0,-37,-26,-52,-35,-46,-12,-23,0,-20,-22,-25,-6,-14,-24,-18,0,-12,-10,-16,2,-122,-11,-27,17,-133,-125,-126,-131,-131,-126,-123,-130,-131,-120,-141,-136,-248,-237,-251,-244,-249,-238,-240,-223,-385,-379,-464,-450,-448,-452,-454,-454,-451,-449,-500,-455,-438,-360,-438,-427,-397,-362,-366,-366,-333,-366,-368,-368,-362,-356,-5627,-5533]} 1. d4 Nf6 2. c4 e6 3. Nf3 Bb4+ 4. Nbd2 O-O 5. a3 Be7 6. e4 d6 7. Bd3 Nbd7 8. O-O e5 9. b4 {E11: Bogo-Indian} exd4 10. Nxd4 Re8 11. Bb2 Bf8 12. f4 {LiveBook: 5 Games} a5 13. Qf3 $146 (13. Nc2 g6 14. Qf3 Bg7 15. Bc3 axb4 16. axb4 Rxa1 17. Bxa1 b6 18. Ne3 Bb7 {½-½ (18) Pert,N (2557)-Berkes,F (2664) Southend 2015}) 13... axb4 14. axb4 Rxa1 15. Rxa1 g6 16. Ra8 Bg7 17. Bc3 Nb6 18. Ra1 Bg4 19. Qg3 Bd7 20. b5 $1 Bc8 21. Re1 (21. e5 Nh5 22. Qf2 Nxf4 $19) 21... Na4 $36 {[%mdl 2048] Black fights for an advantage.} 22. Ba1 $1 Nc5 23. Bc2 Bd7 24. Bc3 Qa8 25. Ra1 Qb8 {[%cal Rc5e4]} 26. Re1 Qa7 27. e5 {[#]} (27. Kh1 $11) 27... Nh5 ({Black should try} 27... dxe5 $1 $17 28. fxe5 (28. Rxe5 $2 Rxe5 29. fxe5 Ng4 $19) 28... Ng4) 28. Qf2 $1 $11 (28. Qg5 $2 Ne6 29. b6 Qxb6 $19) 28... Nxf4 (28... dxe5 $6 29. N4b3 $16) (28... Qb6 $5 {seems wilder.} 29. Rf1 Ne6 30. Nxe6 Qxf2+ 31. Kxf2 Bxe6 32. g3 dxe5 33. fxe5 Rd8) 29. Qxf4 ({Much worse is} 29. Ra1 Qb6 30. Ba5 (30. Qxf4 $2 dxe5 31. Qf2 exd4 32. Bxd4 Ne4 33. Bxb6 Nxf2 $19) 30... Bxe5 $17) (29. N4b3 $1 $11) 29... dxe5 $17 30. Qf2 {Threatens to win with N4b3.} exd4 31. Rxe8+ Bxe8 32. Bxd4 Bxd4 33. Qxd4 Qa3 34. Kf2 {intending Qd8.} Qc1 35. Ke2 {[#]} (35. Qd8 $17 Kg7 36. Qd4+ f6 37. Ke2) 35... Ne6 $1 $19 {[%cal Re6d4]} ({Resist} 35... Qxc2 36. Qxc5 Bd7 37. h3 $17) 36. Qe4 c6 37. Bd3 Qg1 {aiming for ...Nd4+.} 38. Nf1 Bd7 39. h4 $2 (39. g3) 39... Nc5 40. Qf3 cxb5 {Hoping for ...Qd4.} 41. Ne3 Nxd3 42. Kxd3 bxc4+ 43. Kxc4 Qc1+ 44. Kd3 Bb5+ 45. Kd4 Bc6 46. Qg3 Qd2+ 47. Kc4 h5 48. Qb8+ Kh7 49. Qf4 Qa2+ 50. Kc3 Bd7 51. Nc4 Qa1+ 52. Kb4 $2 (52. Kd3 Qd1+ 53. Ke3) 52... Qa4+ 0-1